00382 a2200145 4500003000400000005001700004008004100021020001800062040000900080082001500089100002400104245005400128260004400182300001000226OSt20240823112335.0231019b |||||||| |||| 00| 0 eng d a9788193456583 coclc a297bARE/J aAl areefi, Mohammed aJEEVITHAM ASWADIKKOO... /cDr. Mohammed Al areefi bArabian book house,c2018.aMalappuram: a400 p